00277nam a2200121Ia 4500008004100000041000800041082001200049100001300061245002000074260003500094300001900129365000700148240624s9999 xx 000 0 und d aeng a900 CAR aCARR E H aWHAT IS HISTORY c1990aNew DelhibPenguin Books a188 : cm. ; 19 cRS